000 00902nam a2200217Ii 4500
003 JO-AjNU
008 230605s9999||||xx |||||||||||||| ||und||
020 _a976-1-56564-605-6
040 _aJO-AjNU
_bara
_erda
_cJO-AjNU
041 _aara
050 1 4 _aDS36.85.C48 2012
100 3 _aشابرا، محمد عامر؛ ترجمة محمد زهير السمهوري,
_eauthor
_952355
245 0 0 _aالحضارة الإسلامية: أسباب الإنحطاط والحاجة إلى الإصلاح
250 _aط1
264 3 1 _aالولايات المتحدة الامريكية: المعهد العالمي للفكر الاسلامي،2012
300 _a272ص
_bيشتمل على كشاف
336 _atext
_btxt
_2rdacontent
337 _aunmediated
_bn
_2rdamedia
338 _avolume
_bnc
_2rdacarrier
650 4 _aالحضارة الاسلامية - الاسلام والاصلاح
_952356
999 _aA23187
_c26755
_d26755